000 01241nam a2200313 4500
001 0000022823
003 CO-CtgCURN
005 20260317195411.0
007 ta
008 160627s1988 000 0 eng d
020 _a958950146X
040 _aCO-CtgCURN
_bspa
_ccoctgcurn
082 0 _a617.645
_bH533f
100 1 _aHerazo Acuña, Benjamin José.
245 1 0 _aFluoruros /
_cBenjamin Herazo Acuña.
260 _aBogotá :
_bMonserrate,
_c1988.
300 _a191 p.
336 _2rdacontent
337 _2rdamedia
_asin mediacion
_bn
338 _2rdacarrier
_avolumen
_bnc
500 _aIncluye indice.
504 _aBibliografia (p. 188-190)
505 8 _aIntroducción.--Definicion caracteristicas y propiedades fisicoquímicas.--Historia del fluor y los fluoruros.--Estado natural, fuentes y obtencion del fluor y los fluoruros.--Yacimientos de fluoruros en Colombia.--Procedimiento para formar compuestos de fluoruros a partir de la roca fosforica-fosrorita-fosfatos.--Fluoruros: caracteristica y usos
590 _aClínica sano I (Odontología)
650 1 4 _aFluoruros.
908 _a160627
942 _cBK
_h617.645
_iH533f
_2ddc
999 _c23411
_d23411